Statistiques concernant Voyage dans le temps - Anastasia

Cliquez ici pour prendre le quiz!

Statistiques générales

  • Ce quiz a été pris 111 fois
  • Le résultat moyen est 131 sur 148

Statistiques - réponses

Paroles% Correct
à
99%
dans
99%
le
99%
ma
99%
temps
99%
de
97%
Des
97%
dès
97%
du
97%
la
97%
me
97%
ce
96%
Ce
96%
Il
96%
Je
96%
je
96%
mon
96%
se
96%
vie
96%
chemin
95%
pas
95%
Un
95%
un
95%
voyage
95%
Au
93%
est
93%
que
93%
Que
93%
bout
92%
Nous
92%
demain
91%
Est-ce
91%
et
91%
monde
91%
Ne
91%
Qui
91%
qu'une
91%
Sur
91%
attend
89%
change
89%
main
89%
meilleure
89%
On
89%
rêve
89%
semble
89%
comme
88%
Comme
88%
sais
88%
tendra
88%
faire
86%
grand
86%
Ou
86%
pourtant
86%
Quand
86%
victoire
86%
beau
85%
cœur
85%
faut
85%
l'heure
85%
puisqu'il
85%
qu'on
85%
Une
85%
vraiment
85%
bonheur
84%
choix
84%
font
84%
peur
84%
serai
84%
tour
84%
bien
82%
doute
82%
étrange
82%
sois
82%
d'une
81%
Protégée
81%
route
81%
souvent
81%
choyée
80%
Désirée
80%
j'aurais
80%
J'aurais
80%
m'aimera
80%
moi
80%
partir
80%
termine
80%
enfin
78%
famille
78%
Marchons
78%
Oh
78%
Oui
78%
printemps
78%
raison
78%
Songe
78%
Ai-je
77%
droit
77%
Tant
77%
vers
77%
aussi
76%
d'amour
76%
Doucement
76%
l'entreprends
76%
signe
76%
c'était
74%
l'avenir
73%
Quelle
72%
questions
72%

Distribution des résultats

Percentile par nombre de réponses

% des personnes avec chaque résultat

Votre développement - résultats

Vous n’avez pas pris ce quiz